Abschlusstabelle der Bundesligasaison 2004/05 - Statistiken

Allgemein
  • Dieses Quiz wurde 75 mal gespielt
  • Das Durchschnittsergebnis liegt bei 7 aus 18
Antwortstatistiken
Platz Punkte Mannschaft % Korrekt
1 77 Bayern München
100%
2 63 Schalke
70%
3 59 Bremen
61%
7 55 Dortmund
45%
4 58 Hertha
41%
5 58 Stuttgart
41%
8 51 HSV
36%
6 57 Leverkusen
35%
9 48 Wolfsburg
33%
10 45 Hannover
26%
11 43 Mainz
25%
14 38 Nürnberg
25%
12 42 Kaiserslautern
23%
16 35 Bochum
22%
17 30 Rostock
20%
18 18 Freiburg
17%
13 40 Bielefeld
16%
15 36 Mönchengladbach
16%
Keine übereinstimmenden Quizze gefunden
Verteilung der Resultate
Anzahl Personen mit jedem Resultat
Perzentil nach korrekt beantworteten Fragen
Ihre Resultats-Entwicklung
Sie haben dieses Quiz noch nicht gespielt